Administrative law / (Record no. 41896)

MARC details
000 -LEADER
fixed length control field 00740nam a22002177a 4500
005 - DATE AND TIME OF LATEST TRANSACTION
control field 2010081400010.0
010 ## - LCCN (DPL NO)
LC control number ENG-100257
020 ## - INTERNATIONAL STANDARD BOOK NUMBER
Terms of availability 130.00
035 ## - SYSTEM CONTROL NUMBER
System control number EN-83789
037 ## - SOURCE OF ACQUISITION
Source of stock number/acquisition DBAD/PUB
082 ## - DEWEY DECIMAL CLASSIFICATION NUMBER
Classification number 342.4206
100 ## - MAIN ENTRY--PERSONAL NAME
Personal name Kautilya
245 ## - TITLE STATEMENT
Title Administrative law /
Statement of responsibility, etc by Kautilya
260 ## - PUBLICATION, DISTRIBUTION, ETC. (IMPRINT)
Place of publication, distribution, etc Mumbai
Name of publisher, distributor, etc Educational & Law Publishers
Date of publication, distribution, etc 2008
270 ## - ADDRESS
Address 146-C, Shamaldas Gandhi Marg
City New Delhi
Postal code 400002
300 ## - PHYSICAL DESCRIPTION
Extent 187p.
Dimensions 23cm (pbk)
650 ## - SUBJECT ADDED ENTRY--TOPICAL TERM
Topical term or geographic name as entry element Public Administartion
650 ## - SUBJECT ADDED ENTRY--TOPICAL TERM
Topical term or geographic name as entry element Administration Law
942 ## - ADDED ENTRY ELEMENTS (KOHA)
Source of classification or shelving scheme Dewey Decimal Classification
Item type English Books
Classification part 342.4206
Call number suffix KAU
Holdings
Withdrawn status Lost status Not for loan Collection code Home library Current library Date acquired Source of acquisition Cost, normal purchase price Full call number Barcode Copy number Cost, replacement price Koha item type
    Not For Loan Fiction D.B.Act.Division D.B.Act.Division 14/08/2010 DBAD/PUB 130.00 342.4206 KAU EN-83789 1 130.00 English Books

© Delhi Public Library
Hit Counter
free hit counter